[Event "Mislata op8th"]
[Site "Valencia"]
[Date "1999.??.??"]
[Round "7"]
[White "Hernandez, Roman"]
[Black "Ibanez Aullana, Jose Ramon"]
[Result "1-0"]
[WhiteElo "2425"]
[BlackElo "2258"]

1.d4 Nf6 2.Nf3 d6 3.c4 g6 4.Nc3 Bg7 5.e4 O-O 6.Be2 e5 7.O-O exd4 8.Nxd4 Re8
9.f3 c6 10.Kh1 d5 11.cxd5 cxd5 12.Bg5 dxe4 13.fxe4 h6 14.Bh4 g5 15.Bg3 Nxe4
16.Nxe4 Qxd4 17.Nd6 Rf8 18.Rxf7 Be6 19.Rxf8+ Kxf8 20.Qxd4 Bxd4 21.Rf1+ Ke7
22.Nxb7 Nc6 23.Bd6+ Kd7 24.Bb5 a6 25.Ba4 Ra7 26.Na5 Bd5 27.Bg3 Ra8 28.Rd1 Ke6
29.Bxc6 Bxc6 30.Nxc6 Bxb2 31.Rd6+ Kf5 32.Rxh6  1-0

[Event "Mislata op8th"]
[Site "Valencia"]
[Date "1999.??.??"]
[Round "9"]
[White "Coret Frasquet, Jose"]
[Black "Vassallo, Mauricio"]
[Result "0-1"]
[WhiteElo "2257"]
[BlackElo "2391"]

1.d4 Nf6 2.c4 g6 3.Nc3 Bg7 4.e4 d6 5.Nf3 O-O 6.Be2 Nbd7 7.O-O e5 8.Qc2 c6
9.Rd1 Qe7 10.d5 c5 11.Rb1 Ne8 12.b4 cxb4 13.Rxb4 Nc5 14.Bg5 f6 15.Be3 b6
16.Nd2 f5 17.f3 Bf6 18.Nb3 Bg5 19.Qc1 Bxe3+ 20.Qxe3 f4 21.Qf2 g5 22.Nxc5 dxc5
23.Rb2 Nd6 24.Nb5 Bd7 25.a4 Bxb5 26.axb5 Rf7 27.Ra1 g4 28.Kf1 Rg7 29.Ke1 Qg5
30.Ra3 Rf8 31.Bf1 g3 32.hxg3 fxg3 33.Qe3 Qh4 34.Rba2 Rff7 35.Ra4 h5 36.Kd2 Qh2
37.Ra1 h4 38.Kd3 h3 39.R4a2 Kh7 40.Qe2 Qg1 41.gxh3 Qd4+ 42.Kc2 g2 43.Bxg2 Nxc4  0-1

[Event "FIN-ch"]
[Site "Vammala"]
[Date "1999.??.??"]
[Round "2"]
[White "Molander, Riku"]
[Black "Vinke, Dietmar"]
[Result "1/2-1/2"]
[WhiteElo "2246"]
[BlackElo "2255"]

1.Nf3 g6 2.d4 Bg7 3.c4 d6 4.Nc3 Nd7 5.e4 e5 6.Be2 Ngf6 7.O-O O-O 8.Qc2 c6
9.Rd1 Re8 10.d5 c5 11.Rb1 Rf8 12.b4 cxb4 13.Rxb4 Nh5 14.a4 Nf4 15.Bf1 Nc5
16.Ne1 f5 17.Be3 b6 18.a5 Nh5 19.axb6 axb6 20.f3 Nf6 21.Bd3 f4 22.Bf2 g5
23.Rdb1 Nfd7 24.Na4 Ra6 25.Be2 Bf6 26.Bd1 Qc7 27.Qb2 Bd8 28.Ra1 Qa7  1/2-1/2

[Event "LTU-ch"]
[Site "Vilnius"]
[Date "1999.??.??"]
[Round "?"]
[White "Abromaitis, Marius"]
[Black "Lapienis, Donatas"]
[Result "0-1"]
[WhiteElo "2080"]
[BlackElo "2302"]

1.d4 Nf6 2.c4 g6 3.Nc3 Bg7 4.e4 d6 5.Be2 O-O 6.Nf3 e5 7.O-O Nbd7 8.Qc2 c6
9.Rd1 Qc7 10.d5 c5 11.Ne1 Ne8 12.g4 Qd8 13.f4 exf4 14.Bxf4 Ne5 15.h3 Qh4
16.Kg2 f5 17.Bg3 Qe7 18.gxf5 gxf5 19.Nf3 Nxf3 20.Bxf3 f4 21.Bf2 Qg5+ 22.Kh2 Qh6
23.h4 Bf6 24.Rg1+ Kh8 25.h5 Ng7 26.Rxg7 Bxg7 27.Rg1 Bd7 28.Nd1 Rg8 29.Be1 Be5
30.Rg2 Rxg2+ 31.Kxg2 Rg8+ 32.Kf2 Bg4 33.Bxg4 Rxg4 34.Bc3 Qxh5 35.Bxe5+ Qxe5
36.Qc3 h5 37.Qxe5+ dxe5 38.Nc3 h4 39.d6 Rg7 40.Nd5 Rd7 41.b4 Rxd6 42.bxc5 Rc6  0-1

[Event "JUG-chT"]
[Site "Vrnjacka Banja"]
[Date "1999.??.??"]
[Round "1"]
[White "Antic, Dejan"]
[Black "Mozetic, Dejan"]
[Result "1/2-1/2"]
[WhiteElo "2494"]
[BlackElo "2442"]

1.d4 Nf6 2.c4 g6 3.Nc3 Bg7 4.e4 d6 5.Nf3 O-O 6.Be2 e5 7.O-O exd4 8.Nxd4 Re8
9.f3 c6 10.Nc2 Na6 11.Be3 d5 12.exd5 cxd5 13.c5 Nh5 14.Bxa6 bxa6 15.Bd4 Bh6
16.Re1 Be6 17.Ne3 Qg5 18.Ng4 Bxg4 19.Rxe8+ Rxe8 20.fxg4 Nf4 21.Qf3 Ne6 22.Bf2 Bg7
23.h4 Qd2 24.Rd1 Qxb2 25.Nxd5 Qxa2 26.Nf6+ Bxf6 27.Qxf6 Qc4 28.Rd7 Rf8 29.Be3 Qb5
30.Re7 Qb1+ 31.Kh2 Qb8+ 32.g3 Qb3 33.Qf2 Kg7 34.c6 Qc4 35.c7 a5 36.Qb2+ Kg8
37.Bh6 Nd4 38.Re4 Nf3+ 39.Kg2 Nxh4+ 40.Kh3 Qf1+ 41.Kxh4 Qh1+ 42.Kg5 f6+ 43.Kf4 Qxh6+
44.Kf3 Qh1+ 45.Ke3 Qg1+ 46.Kf3 Qd1+ 47.Kf2 Qd6 48.Qb3+ Kh8 49.Qc3 Rc8 50.Rc4 a4
51.g5 Qe5 52.Qd2 Qf5+ 53.Kg2 fxg5 54.Qc3+ Kg8 55.Rd4 g4 56.Rd8+ Kf7 57.Qc4+ Kf6
58.Qd4+ Kf7 59.Rd7+ Ke8 60.Rd8+ Kf7 61.Qc4+ Kg7 62.Qd4+ Kf7 63.Rxc8 Qxc8
64.Qd8 Qb7+ 65.Kg1 Qb1+ 66.Kf2 Qc2+ 67.Ke3 Qc3+ 68.Ke4 Qc4+ 69.Ke5 Qc3+ 70.Kd5 Qd3+
71.Kc5  1/2-1/2

[Event "JUG-chT"]
[Site "Vrnjacka Banja"]
[Date "1999.??.??"]
[Round "1"]
[White "Kojovic, Dragan"]
[Black "Popovic, Petar"]
[Result "0-1"]
[WhiteElo "2272"]
[BlackElo "2490"]

1.d4 Nf6 2.c4 g6 3.Nc3 Bg7 4.e4 d6 5.Nf3 O-O 6.Be2 e5 7.Be3 Ng4 8.Bg5 f6
9.Bc1 c6 10.h3 Nh6 11.Be3 Nd7 12.dxe5 dxe5 13.c5 Qe7 14.b4 Nf7 15.a3 Rd8
16.Qb3 Nf8 17.O-O Be6 18.Bc4 Bxc4 19.Qxc4 Qe6 20.Qxe6 Nxe6 21.Rfd1 f5 22.Rxd8+ Rxd8
23.Rd1 Nd4 24.Nd2 b6 25.cxb6 axb6 26.Kf1 b5 27.Rc1 Bf8 28.Ncb1 Rd6 29.f3 Ne6
30.Ke2 Bh6 31.Bxh6 Nxh6 32.g3 Nf7 33.h4 Nd4+ 34.Kf2 Kf8 35.Rc3 Ke7 36.Rd3 f4
37.g4 Nd8 38.Nc3 N8e6 39.Ncb1 Rd8 40.Rc3 Rd6 41.Rc1 Kd7 42.a4 Nc7 43.axb5 cxb5
44.Rc5 Na6 45.Rxe5 Nxb4 46.Kg2 Nd3 47.Rd5 Rxd5 48.exd5 Kd6 49.Nc3 Ke5 50.g5 Nb4
51.d6 Kxd6 52.Nde4+ Ke6 53.Nc5+ Kf5 54.N5e4 Ke5 55.Nc5 Nbc2 56.Nd3+ Kf5 57.Nd5 Ne3+
58.Nxe3+ fxe3 59.Nb4 Ke5 60.Kg3 Nf5+  0-1

[Event "JUG-chT"]
[Site "Vrnjacka Banja"]
[Date "1999.??.??"]
[Round "1"]
[White "Atalik, Suat"]
[Black "Martinovic, Slobodan"]
[Result "1-0"]
[WhiteElo "2598"]
[BlackElo "2445"]

1.d4 Nf6 2.c4 g6 3.Nc3 Bg7 4.e4 d6 5.Nf3 O-O 6.Be2 e5 7.O-O exd4 8.Nxd4 Re8
9.f3 c6 10.Kh1 Nbd7 11.Rb1 a6 12.Bg5 h6 13.Bh4 Qe7 14.Qc2 Qf8 15.Rbd1 g5
16.Bf2 Ne5 17.Na4 Be6 18.Nb6 Rad8 19.c5 d5 20.exd5 Nxd5 21.Nxd5 Rxd5 22.Nxe6 fxe6
23.Be3 Red8 24.Qb3 Qe7 25.g3 Rxd1 26.Rxd1 Rxd1+ 27.Qxd1 Qd7 28.f4 Qxd1+ 29.Bxd1 Nc4
30.Bf2 gxf4 31.Bb3 Nxb2 32.Bxe6+ Kf8 33.gxf4 Ke7 34.Bc8 a5 35.Bxb7 Kd7 36.Ba6 Na4
37.Kg2 Bf8 38.Bd4 Nxc5 39.Bc4 Ne4 40.Kf3 Nd6 41.Bb3 Nf5 42.Bb6 Bb4 43.Kg4 Nd6
44.Be3 c5 45.f5 c4 46.Ba4+ Ke7 47.Bxh6 Ne4 48.Bc2 Nc3 49.a4 Nd5 50.Bg5+ Kf7
51.Be4 Nf6+ 52.Kf3 c3 53.Bc2 Kg7 54.h4 Bd6 55.Bb3 Nd7 56.h5 Be5 57.Be3 Nf6
58.h6+ Kh7 59.Bc2 Kh8 60.Bb6 Kh7 61.Be3 Kh8 62.Bb3 Kh7 63.Bf7 Kh8 64.Ke2 Ng4
65.Bg5 Bf6 66.Bxf6+ Nxf6 67.Kd3 Kh7 68.Kxc3 Kxh6 69.Be6 Kg5 70.Kc4  1-0

[Event "JUG-chT"]
[Site "Vrnjacka Banja"]
[Date "1999.??.??"]
[Round "6"]
[White "Laketic, Gojko"]
[Black "Ilincic, Zlatko"]
[Result "1-0"]
[WhiteElo "2418"]
[BlackElo "2577"]

1.c4 Nf6 2.Nc3 g6 3.Nf3 Bg7 4.e4 d6 5.d4 O-O 6.Be2 e5 7.d5 Na6 8.Bg5 h6 9.Bh4 g5
10.Bg3 Nh5 11.h4 g4 12.Nh2 Nxg3 13.fxg3 h5 14.O-O Bh6 15.Bxg4 hxg4 16.Nxg4 Bg7
17.Ne3 c6 18.Nf5 Bxf5 19.Rxf5 f6 20.Qg4 Rf7 21.Raf1 Nc5 22.b4 Nd7 23.dxc6 bxc6
24.b5 cxb5 25.cxb5 Qa5 26.Nd5 Raf8 27.Qg6 Qd2 28.Kh2 Rc8 29.R1f2 Qe1  1-0

[Event "JUG-chT"]
[Site "Vrnjacka Banja"]
[Date "1999.??.??"]
[Round "9"]
[White "Jakovljevic, Zivota"]
[Black "Laketic, Gojko"]
[Result "0-1"]
[WhiteElo "2272"]
[BlackElo "2418"]

1.c4 g6 2.Nc3 Bg7 3.d4 d6 4.Nf3 Nf6 5.e4 O-O 6.Be2 e5 7.d5 a5 8.h3 Na6 9.Be3 Nh5
10.Nd2 Nf4 11.Bf1 f5 12.f3 Qg5 13.Bxf4 exf4 14.h4 Qg3+ 15.Ke2 Bd4 16.Qe1 Qxe1+
17.Rxe1 Bd7 18.Rc1 Rae8 19.Kd1 Nc5 20.exf5 Bxf5 21.Nb3 Bxc3 22.bxc3 Re3 23.Kd2 Rfe8
24.Nd4 Bd3 25.Bxd3 Rxd3+ 26.Kc2 Ree3 27.Kb1 Na4 28.Nb5 Nxc3+ 29.Rxc3 Rxc3
30.Nxc3 Rxc3 31.Rc1 Rxc1+ 32.Kxc1 Kf7 33.Kc2 Kf6 34.Kd3 Ke5 35.a4 c6 36.dxc6 bxc6
37.Kc3 c5 38.Kd3 d5 39.Kc3 Kd6 40.Kd3 dxc4+ 41.Kd2 c3+ 42.Kxc3 Kd5 43.Kb3 c4+
44.Kb2 Kd4 45.Kc2 h5 46.Kd2 c3+ 47.Kc2 Kc4  0-1

[Event "JUG-chT"]
[Site "Vrnjacka Banja"]
[Date "1999.??.??"]
[Round "10"]
[White "Mijailovic, Zoran"]
[Black "Arsovic, Goran"]
[Result "0-1"]
[WhiteElo "2402"]
[BlackElo "2423"]

1.Nf3 Nf6 2.c4 g6 3.Nc3 Bg7 4.e4 d6 5.d4 O-O 6.Be2 e5 7.Be3 h6 8.O-O Ng4
9.Bc1 Nd7 10.dxe5 dxe5 11.h3 Ngf6 12.Be3 c6 13.Qd2 Kh7 14.Rad1 Ne8 15.Rfe1 Qe7
16.Bf1 Nc5 17.b4 Ne6 18.c5 N8c7 19.Qc2 Ng5 20.Nxg5+ hxg5 21.Bc4 Ne6 22.Ne2 Nf4
23.f3 f5 24.Qd2 fxe4 25.fxe4 Be6 26.Bxe6 Qxe6 27.Ng3 g4 28.hxg4 Qxg4 29.Bf2 Rf7
30.Qc2 Raf8 31.Rf1 Bf6 32.Rd2 Bg5 33.Qd1 Qe6 34.Rd6 Qxa2 35.Rd7 Qe6 36.Rxf7+ Rxf7
37.Ne2 Qc4 38.Nxf4 Bxf4 39.Qg4 Be3 40.Qh3+ Bh6 41.Qg4 Qxb4 42.Rd1 Qc4 43.Rd7 Qc1+
44.Rd1 Qc4 45.Re1 Qc2 46.Rf1 Qd2 47.Qe6 Qf4 48.Qc4 Kg7 49.Qe2 Qd2 50.Qc4 Qf4
51.Qe2 Rd7 52.Rb1 Bg5 53.g3 Qd2 54.Qg4 Rf7  0-1

[Event "JUG-chT"]
[Site "Vrnjacka Banja"]
[Date "1999.??.??"]
[Round "11"]
[White "Mozetic, Dejan"]
[Black "Popchev, Milko"]
[Result "0-1"]
[WhiteElo "2442"]
[BlackElo "2498"]

1.c4 g6 2.Nf3 Bg7 3.d4 d6 4.e4 Nd7 5.Nc3 e5 6.Be2 Ngf6 7.O-O O-O 8.Be3 exd4
9.Nxd4 Re8 10.f3 Nc5 11.Qd2 Ne6 12.Rad1 Bd7 13.Kh1 a6 14.a3 Rc8 15.Nb3 Qe7
16.Rfe1 b6 17.Nd4 Nh5 18.Nxe6 Bxe6 19.Nd5 Qd7 20.g4 Nf6 21.e5 Bxd5 22.exf6 Bc6
23.fxg7 Qxg4 24.Rf1 Qe6 25.Bd4 Qxe2 26.Qxe2 Rxe2 27.Kg1 Rce8 28.Rf2 R2e6
29.f4 Be4 30.Re1 f6 31.Rfe2 Kxg7 32.Kf2 Kf7 33.Re3 Bd3 34.b3 c5 35.Bb2 Bc2
36.b4 Bd3 37.Rxe6 Rxe6 38.Rc1 Re2+  0-1

[Event "JUG-chT"]
[Site "Vrnjacka Banja"]
[Date "1999.??.??"]
[Round "11"]
[White "Antic, Dejan"]
[Black "Popovic, Petar"]
[Result "0-1"]
[WhiteElo "2494"]
[BlackElo "2490"]

1.d4 Nf6 2.c4 g6 3.Nc3 Bg7 4.e4 d6 5.Nf3 O-O 6.Be2 e5 7.O-O c6 8.d5 Na6 9.Be3 Ng4
10.Bg5 f6 11.Bh4 c5 12.Ne1 h5 13.h3 Nh6 14.a3 Nf7 15.Nd3 Bh6 16.Bg3 Qe7 17.f4 exf4
18.Bxf4 Bxf4 19.Nxf4 Ne5 20.Qe1 Nc7 21.Rc1 Ne8 22.Nd1 Ng7 23.Qg3 Kh7 24.Ne3 f5
25.Nd3 h4 26.Qf2 Nxd3 27.Bxd3 f4 28.Qf3 Bxh3 29.Ng4 Bxg4 30.Qxg4 Qf6 31.Rf3 Rae8
32.Rh3 Re5 33.Qxh4+ Qxh4 34.Rxh4+ Nh5 35.b4 b6 36.Kf2 Kg7 37.Kf3 Rg5 38.Rg4 Rxg4
39.Kxg4 f3 40.g3 cxb4 41.axb4 Nf6+ 42.Kg5 f2 43.Rf1 Nd7 44.Be2 a5 45.c5 dxc5
46.bxa5 bxa5 47.d6 Ne5 48.Rd1 a4 49.Rd5 Nf3+ 50.Kg4 Nd4 51.Bf1 Nc2 52.Rxc5 Ne3+
53.Kg5 Nxf1 54.Rc7+ Rf7 55.d7 Nxg3 56.d8=Q Nxe4+ 57.Kg4 f1=Q 58.Rxf7+ Qxf7  0-1

[Event "Wisla Hugart op (Women)"]
[Site "Warsaw"]
[Date "1999.??.??"]
[Round "?"]
[White "Ioseliani, Nana"]
[Black "Eidelson, Rakhil"]
[Result "1/2-1/2"]
[WhiteElo "2493"]
[BlackElo "2267"]

1.d4 Nf6 2.Nf3 g6 3.c4 Bg7 4.Nc3 d6 5.e4 O-O 6.Be2 Na6 7.O-O e5 8.Be3 Qe8
9.dxe5 dxe5 10.Nd2 c6 11.a3 Bd7 12.h3 Nc7 13.Nf3 Qe7 14.Qc2 Nh5 15.Rfe1 Nf4
16.Bf1 Nce6 17.g3 Nh5 18.Rad1 f5 19.exf5 gxf5 20.Bc1 e4 21.Nh2 Nd4 22.Qd2 Rf7
23.Ne2 Nb3 24.Qe3 Nxc1 25.Qxc1 Qf6 26.Qe3 Qxb2 27.Qg5 Nf6 28.Nf4 e3 29.f3 h6
30.Qg6  1/2-1/2

[Event "Wisla Hugart op (Women)"]
[Site "Warsaw"]
[Date "1999.??.??"]
[Round "?"]
[White "Zielinska, Marta"]
[Black "Eidelson, Rakhil"]
[Result "1/2-1/2"]
[WhiteElo "2348"]
[BlackElo "2267"]

1.d4 Nf6 2.Nf3 g6 3.c4 Bg7 4.Nc3 d6 5.e4 O-O 6.Be2 Na6 7.O-O e5 8.Bg5 h6
9.Bh4 Qe8 10.Bxf6 Bxf6 11.c5 exd4 12.Nd5 Qd8 13.Bxa6 bxa6 14.cxd6 Qxd6 15.Nxf6+ Qxf6
16.Qxd4 Qxd4 17.Nxd4 Rb8 18.b3 Rb4 19.Rfd1 c5 20.Nc6 Rxe4 21.Rac1 Rfe8 22.f3 Re2
23.Rxc5 Rxa2 24.Rd8 Rxd8 25.Nxd8 Be6 26.Nxe6 fxe6 27.Rc7 Rb2 28.Rxa7 Rxb3
29.Rxa6 Kf7  1/2-1/2

[Event "Hoogovens-C op"]
[Site "Wijk aan Zee"]
[Date "1999.??.??"]
[Round "1"]
[White "Zielinska, Marta"]
[Black "Doggers, Peter"]
[Result "1-0"]
[WhiteElo "2345"]
[BlackElo "2130"]

1.d4 Nf6 2.Nf3 g6 3.c4 Bg7 4.Nc3 O-O 5.e4 d6 6.Be2 e5 7.O-O exd4 8.Nxd4 Re8
9.f3 Nc6 10.Nc2 Be6 11.Be3 Qd7 12.Qd2 Rad8 13.Rad1 Nh5 14.g4 Nf6 15.Bg5 Qe7
16.Ne3 Rc8 17.Kh1 Qf8 18.Ned5 Nd7 19.Nb5 Bxd5 20.cxd5 Ne7 21.Rc1  1-0

[Event "Hoogovens-C op"]
[Site "Wijk aan Zee"]
[Date "1999.??.??"]
[Round "8"]
[White "Ivkov, Borislav"]
[Black "Naiditsch, Arkadij"]
[Result "1-0"]
[WhiteElo "2440"]
[BlackElo "2425"]

1.Nf3 Nf6 2.c4 g6 3.Nc3 Bg7 4.e4 d6 5.d4 O-O 6.Be2 e5 7.dxe5 dxe5 8.Qxd8 Rxd8
9.Nd5 Nxd5 10.cxd5 c6 11.Bc4 b5 12.Bb3 Bb7 13.Bg5 Rd7 14.Rc1 h6 15.Be3 Kh7
16.h4 cxd5 17.Bxd5 Bxd5 18.Ng5+ hxg5 19.hxg5+ Kg8 20.Rc8+ Bf8 21.exd5 Rxd5
22.Ke2 Kg7 23.b4 e4 24.Bc1 Nc6 25.Rxc6 Bd6 26.Bb2+ Be5 27.Rd1 Bxb2 28.Rxd5 a5
29.Rxb5 axb4 30.Rxb4 Rxa2 31.Rc2 Ba3 32.Rxa2 Bxb4 33.Ke3  1-0

[Event "Zaragoza op 11th"]
[Site "Zaragoza"]
[Date "1999.??.??"]
[Round "7"]
[White "Franco Ocampo, Zenon"]
[Black "Del Rey, Diego"]
[Result "1/2-1/2"]
[WhiteElo "2460"]
[BlackElo "2370"]

1.Nf3 Nf6 2.c4 g6 3.Nc3 Bg7 4.e4 O-O 5.d4 d6 6.Be2 e5 7.d5 a5 8.Bg5 h6 9.Bh4 Na6
10.O-O Qe8 11.Nd2 Nh7 12.a3 Qd7 13.Kh1 h5 14.f3 Bh6 15.b3 Be3 16.Qc2 f5 17.exf5 gxf5
18.Bf2 Bxf2 19.Rxf2 Qe7 20.Rg1 Kh8 21.Qb2 Nf6 22.Bd3 h4 23.Re1 Qg7 24.Bb1 Nc5  1/2-1/2

[Event "Zaragoza op 11th"]
[Site "Zaragoza"]
[Date "1999.??.??"]
[Round "8"]
[White "Mellado Trivino, Juan"]
[Black "Todorcevic, Miodrag"]
[Result "1-0"]
[WhiteElo "2445"]
[BlackElo "2465"]

1.d4 g6 2.c4 Bg7 3.Nc3 d6 4.e4 Nd7 5.Nf3 e5 6.Be2 Ngf6 7.O-O O-O 8.Be3 exd4
9.Nxd4 Re8 10.f3 c6 11.Nc2 Ne5 12.Qd2 Be6 13.b3 Qa5 14.Nd4 Rad8 15.Nxe6 fxe6
16.Rad1 Nf7 17.f4 Nd7 18.Na4 Qxd2 19.Rxd2 c5 20.Rfd1 Nb8 21.e5 b6 22.exd6 Nc6
23.d7 Re7 24.Nxc5 bxc5 25.Bxc5 Bf8 26.Bxe7 Bxe7 27.g3 Bc5+ 28.Kg2 Kf8 29.Bf3 Nb8
30.Bg4 e5 31.Rd5 Bd4 32.fxe5 Bxe5 33.Re1  1-0

[Event "Hilton Open"]
[Site "Basel SUI"]
[Date "2000.01.01"]
[Round "1"]
[White "Tukmakov,V"]
[Black "Svendsen,T"]
[Result "1-0"]
[WhiteElo "2574"]
[BlackElo "2104"]

1.Nf3 Nf6 2.c4 g6 3.Nc3 Bg7 4.e4 d6 5.d4 O-O 6.Be2 e5 7.O-O exd4 8.Nxd4 Re8
9.f3 c6 10.Kh1 Nbd7 11.Bg5 h6 12.Bh4 g5 13.Bf2 Ne5 14.Qc2 Nh5 15.Rad1 Qf6
16.Be3 Nf4 17.Rf2 Nxe2 18.Ncxe2 Be6 19.Nxe6 Qxe6 20.b3 g4 21.Nd4 Qg6 22.Nf5 Bf8
23.Bd4 Re6 24.Bb2 Rae8 25.Qc3 f6 26.Ng3 Nd7 27.fxg4 Qxg4 28.Rdf1 Bg7 29.Rf4 Qg6
30.Qf3 Ne5 31.Bxe5 Rxe5 32.Nf5 h5 33.Nxd6 Rd8 34.Nf5 Bh8 35.Qe3 b6 36.h3 c5
37.R1f3 Rd1+ 38.Kh2  1-0

[Event "It D"]
[Site "Paretana ESP"]
[Date "2000.01.02"]
[Round "5"]
[White "Yepes Martinez,E"]
[Black "Rivas Garcia,V"]
[Result "1/2-1/2"]
[WhiteElo "2260"]
[BlackElo "2174"]

1.d4 Nf6 2.c4 g6 3.Nc3 Bg7 4.e4 d6 5.Nf3 O-O 6.Be2 e5 7.dxe5 dxe5 8.Qxd8 Rxd8
9.Bg5 Re8 10.Nd5 Nxd5 11.cxd5 c6 12.Bc4 cxd5 13.Bxd5 Nd7 14.Nd2 Nf6 15.Bb3 Be6
16.Ke2 Rac8 17.Rhc1 Bxb3 18.axb3 a6 19.f3 Nd7 20.Be3 Bf8 21.Nc4 Nc5 22.Bxc5 Rxc5
23.Nb6 Re6 24.Nd5 Rec6 25.Rc3 f5 26.Rac1 Kf7 27.Kd3 Bd6 28.Ne3 Ke6 29.Nc4 Rc8
30.Nb6 R8c6 31.Nd5 Rc8 32.Rxc5 Rxc5 33.Rc4 h6 34.Ne3 Rc7 35.Rxc7 Bxc7 36.Nd5 Bd6
37.Kc4 Bf8 38.Ne3 Be7 39.Kd3 Bc5 40.Nd5 Bb4 41.Nc3 Bxc3 42.bxc3 f4 43.Kc4 Kd6
44.Kb4 b6 45.Kc4 g5 46.h3 Kc6 47.Kb4 a5+ 48.Ka3 Kc5 49.Ka4 h5 50.Ka3 b5 51.Kb2 a4
52.Ka3 axb3 53.Kxb3 h4 54.Kb2 Kc4 55.Kc2 b4 56.cxb4 Kxb4 57.Kb2 Kc4 58.Kc2 Kd4
59.Kd2  1/2-1/2

[Event "It B"]
[Site "Paretana ESP"]
[Date "2000.01.05"]
[Round "8"]
[White "Gonzalez Rodriguez,JA"]
[Black "Hernando Rodrigo,Ju"]
[Result "1/2-1/2"]
[WhiteElo "2314"]
[BlackElo "2266"]

1.d4 Nf6 2.c4 g6 3.Nc3 Bg7 4.e4 d6 5.Be2 O-O 6.Nf3 e5 7.O-O exd4 8.Nxd4 Re8
9.Bg5 h6 10.Bxf6 Qxf6 11.Nc2 Nc6 12.Ne3  1/2-1/2

[Event "It A"]
[Site "Paretana ESP"]
[Date "2000.01.06"]
[Round "9"]
[White "Garcia Ilundain,D"]
[Black "Vidarte Morales,A"]
[Result "1/2-1/2"]
[WhiteElo "2510"]
[BlackElo "2424"]

1.d4 Nf6 2.c4 g6 3.Nc3 Bg7 4.e4 O-O 5.Nf3 d6 6.Be2 Na6 7.O-O e5 8.Re1 c6
9.Bf1 Qe7 10.h3 h6 11.c5 dxc5 12.dxe5 Nh7 13.Bxa6 Rd8 14.Qa4 bxa6 15.Qxc6 Bb7
16.Qa4 Ng5 17.Bxg5 hxg5 18.Nd5 Bxd5 19.exd5 Rxd5 20.Re2 Rb8 21.Qxa6 Bxe5
22.Rae1 Qd6 23.Qxa7 Bxb2  1/2-1/2

[Event "Belgian Interteams 2000-1"]
[Site "BEL"]
[Date "2000.01.07"]
[Round "6"]
[White "Mohandesi,S"]
[Black "Van der Linden,Be"]
[Result "0-1"]
[WhiteElo "2299"]
[BlackElo "2244"]

1.d4 g6 2.c4 Bg7 3.Nc3 Nf6 4.e4 d6 5.Nf3 O-O 6.Be2 e5 7.O-O exd4 8.Nxd4 Nbd7
9.Be3 c6 10.Qd2 Nc5 11.f3 a5 12.Rfd1 a4 13.Nxc6 Ncxe4 14.Nxd8 Nxd2 15.Rxd2 Rxd8
16.Rad1 Be6 17.Nb5 Ne8 18.b3 Bf6 19.Nxd6 Nxd6 20.Rxd6 Rxd6 21.Rxd6 axb3 22.axb3 Be5
23.Rb6 Ra1+ 24.Kf2 Bxh2 25.f4 h5 26.Bf1 Ra2+ 27.Kf3 Bg4+ 28.Ke4 Ra1 29.Rxb7 Rxf1
30.c5 Re1 31.Kd3 Bg1 32.Rb8+ Kh7 33.Bd2 Bf5+ 34.Kc4 Re4+ 35.Kb5 Bd4 36.Rd8 Bf6
37.Rd6 Re6 38.Rxe6 Bxe6 39.b4 Bd5 40.g3 Bd4 41.Be1 Kg7 42.Kb6 Kf6 43.Kc7 Ke6
44.c6 g5 45.fxg5 Be5+ 46.Kb6 Kd6 47.b5 Bd4+ 48.Ka5 Be3 49.Bb4+ Kc7 50.Bc3 Bxg5
51.Be5+ Kc8 52.Kb4 Be3 53.Kc3 Bb6 54.Kd3 Be6 55.Bc3 Bc5 56.Be5 Kd8 57.Bf4 Ke7
58.Be5 Bd5 59.Bc3 Ke6 60.Bd2 Bg2 61.Ke2 Bh3 62.Ba5 Kd5 63.Bd8 Bd6 64.c7 Bxg3
65.Kf3 Bd6 66.b6 Kc6 67.Kf2 Bc8 68.Kg2  0-1

[Event "Belgian Interteams 2000-1"]
[Site "BEL"]
[Date "2000.01.07"]
[Round "6"]
[White "Bernard,N"]
[Black "Ahn,M"]
[Result "1/2-1/2"]
[WhiteElo "2185"]
[BlackElo "2265"]

1.d4 Nf6 2.Nf3 g6 3.c4 Bg7 4.Nc3 O-O 5.e4 d6 6.Be2 e5 7.Be3 h6 8.O-O Ng4
9.Bc1 Nc6 10.d5 Ne7 11.Ne1 h5 12.h3 Nh6 13.f4 exf4 14.Bxf4 f5 15.Qd2 Nf7
16.Nf3 fxe4 17.Nxe4 h4 18.Bd3 c6 19.Kh2 cxd5 20.cxd5  1/2-1/2

[Event "Belgian Interteams 2000-1"]
[Site "BEL"]
[Date "2000.01.07"]
[Round "6"]
[White "Krijgelmans,J"]
[Black "Winants,H"]
[Result "1-0"]
[WhiteElo "2193"]
[BlackElo "2117"]

1.d4 Nf6 2.c4 g6 3.Nc3 Bg7 4.e4 d6 5.Be2 O-O 6.Nf3 Nbd7 7.O-O e5 8.dxe5 dxe5
9.Qc2 c6 10.Na4 Nh5 11.Rd1 Nf4 12.Bf1 Qe7 13.Be3 Re8 14.c5 Nf8 15.Nd2 N8e6
16.Nc4 g5 17.Nd6 Nd4 18.Bxd4 exd4 19.Nxe8 Qxe8 20.Rab1 Bg4 21.Rd2 Be5 22.f3 Be6
23.b4 Qf8 24.g3 Nh3+ 25.Kh1 Qh6 26.Rg2 f5 27.exf5 Bd5 28.Bc4 g4 29.Bxd5+ cxd5
30.f4 Bf6 31.Re1 Qf8 32.Nb2 h5 33.Nd3 a5 34.b5 Re8 35.Rge2 Rxe2 36.Qxe2 Kg7
37.Qe8 Qxe8 38.Rxe8 h4 39.Rb8 hxg3 40.hxg3 Bh4 41.gxh4 g3 42.Kg2  1-0

[Event "Belgian Interteams 1999-2000"]
[Site "Antwerp BEL"]
[Date "2000.01.09"]
[Round "7"]
[White "Krijgelmans,J"]
[Black "Schebler,G"]
[Result "1/2-1/2"]
[WhiteElo "2223"]
[BlackElo "2477"]

1.d4 Nf6 2.c4 g6 3.Nc3 Bg7 4.e4 d6 5.Be2 O-O 6.Nf3 e5 7.d5 a5 8.Bg5 h6 9.Bh4 Na6
10.Nd2 h5 11.Nf1 Qe8 12.h3 Nc5 13.Qc2 Bd7 14.Ne3 Nh7 15.g4 hxg4 16.hxg4 Bh6
17.Rh3 Bg5 18.O-O-O Qe7 19.Rdh1 Kg7 20.Qd2 Rh8 21.Bd1 Bxh4 22.Rxh4 Ng5 23.Rxh8 Rxh8
24.Rxh8 Kxh8 25.f3 Kg7 26.Qh2 Qf6 27.Qg3 Nh7 28.Kd2 Qg5 29.Ke2 Qh6 30.Bc2 Ng5
31.Nf1 Nh3 32.Ne3 Nf4+ 33.Kd2 Qh1 34.Ncd1 c6 35.Qf2 Qh6 36.Qg3 Qg5 37.Qf2 Qd8
38.b3 Qb6 39.Nc3 a4 40.bxa4 cxd5 41.exd5 Qa5 42.Qf1 Bxa4 43.Qb1 Bd7 44.Qh1 Qb6
45.Qb1 Qa5 46.Qh1 Qd8 47.Qb1 Qh4 48.Qg1 Qh3 49.Be4 Qh6 50.g5 Qh5 51.Kc2 Nh3
52.Qg2 Qxg5 53.Qd2 Nf4 54.Kb2 Qg1 55.Nb5 Bxb5 56.cxb5 Qg5 57.Nc4 f5 58.Bc2 Qf6
59.Kb1 Qd8 60.a4 b6 61.a5 bxa5 62.b6 Qa8 63.Qxa5 Qxd5 64.Qa7+ Kh6 65.Qb8 Nb7
66.Qf8+ Kg5 67.Qe7+ Kh6 68.Qf8+ Kh7 69.Qe7+ Kh8 70.Qf8+ Kh7 71.Qe7+ Kh8 72.Qf8+ Kh7
73.Qe7+  1/2-1/2

[Event "6th Open"]
[Site "Bosnjaci CRO"]
[Date "2000.01.09"]
[Round "9"]
[White "Martic,Z"]
[Black "Kuljasevic,D"]
[Result "1-0"]
[WhiteElo "2302"]
[BlackElo "2067"]

1.d4 Nf6 2.c4 g6 3.Nc3 Bg7 4.e4 d6 5.Nf3 O-O 6.Be2 e5 7.O-O Nbd7 8.Re1 c6
9.Qc2 Nh5 10.d5 c5 11.g3 Ndf6 12.Nh4 h6 13.a3 Bg4 14.Bxg4 Nxg4 15.Rf1 a6
16.Qe2 Ngf6 17.Rb1 Rb8 18.Be3 Qd7 19.b4 b6 20.Rb3 Qc7 21.Rfb1 Rfc8 22.bxc5 bxc5
23.Qb2 Nd7 24.Rb7 Qd8 25.Qb3 Nhf6 26.Qa4 Nb6 27.R1xb6 Qxb6 28.Rxb6 Rxb6 29.Qa5 Rcb8
30.Na4 Rb3 31.Nc3 Bf8 32.Nf3 R3b6 33.h3 R8b7 34.Kg2 Rb8 35.Nd2  1-0

[Event "ch-CRO"]
[Site "Pula CRO"]
[Date "2000.01.09"]
[Round "3"]
[White "Rezan,S"]
[Black "Novak,D"]
[Result "1-0"]
[WhiteElo "2248"]
[BlackElo "2365"]

1.c4 Nf6 2.Nc3 g6 3.Nf3 Bg7 4.e4 d6 5.d4 O-O 6.Be2 Na6 7.O-O e5 8.Re1 Qe8
9.dxe5 dxe5 10.Rb1 Nc5 11.Nd2 Bh6 12.b4 Ne6 13.Nd5 Qd8 14.Nf3 Bxc1 15.Rxc1 Nxe4
16.Bf1 Nf6 17.Nxe5 Nxd5 18.cxd5 Nf4 19.Rc5 f6 20.Nf3 Kg7 21.Re4 Qd6 22.Qd4 Nh5
23.g4  1-0

[Event "Troll Masters"]
[Site "Gausdal NOR"]
[Date "2000.01.11"]
[Round "3"]
[White "Romsdal,T"]
[Black "Hagesaether,P"]
[Result "1-0"]
[WhiteElo "2204"]
[BlackElo "2271"]

1.d4 Nf6 2.Nf3 g6 3.c4 Bg7 4.Nc3 d6 5.e4 O-O 6.Be2 e5 7.O-O Na6 8.Re1 exd4
9.Nxd4 Re8 10.Bf1 Nc5 11.f3 c6 12.Be3 a5 13.Qd2 Ncd7 14.Rad1 Ne5 15.Nc2 Be6
16.Na3 Bf8 17.Bg5 Qb6+ 18.Kh1 Nh5 19.Na4 Qc7 20.Be3 f5 21.exf5 gxf5 22.Bd4 f4
23.c5 Nf7 24.cxd6 Bxd6 25.Nc5 Bd5 26.Bc4 Nf6 27.Bxf6 Bxc4 28.Ne4 Bd5 29.Nxd6 Qxd6
30.Bc3 Rxe1+ 31.Qxe1 b5 32.Bxa5 Ne5 33.Bc3 Ng6 34.Qd2 Re8 35.Nxb5 Qe7 36.Qd4 Bxa2
37.Nd6 Rf8 38.Ne4 Bb3 39.Ra1 Rd8 40.Qb6 Qd7  1-0

[Event "ch-CRO"]
[Site "Pula CRO"]
[Date "2000.01.11"]
[Round "5"]
[White "Rezan,S"]
[Black "Stevic,H"]
[Result "0-1"]
[WhiteElo "2248"]
[BlackElo "2470"]

1.c4 Nf6 2.Nc3 g6 3.Nf3 Bg7 4.e4 d6 5.d4 O-O 6.Be2 e5 7.O-O Na6 8.Re1 Qe8
9.Bf1 Bg4 10.d5 Nb4 11.Be2 a5 12.h3 Bd7 13.Nh2 Kh8 14.Nf1 Ng8 15.Ng3 Na6
16.Rb1 Nc5 17.Qc2 Qe7 18.Bg4 Be8 19.Be3 b6 20.Qd2 Qh4 21.b3 Bh6 22.Bxh6 Nxh6
23.Bd1 f5 24.exf5 gxf5 25.a3 f4 26.Nge4 Rg8 27.Kf1 Nxe4 28.Rxe4 Bg6 29.Bf3 Bxe4
30.Bxe4 Raf8 31.f3 Rg7 32.Qf2 Qh5 33.Rb2 Rfg8 34.Qe1 Nf7 35.Rf2 Ng5 36.Qd2 Qh4
37.Ke2 Qxf2+ 38.Kxf2 Nxe4+ 39.Nxe4 Rxg2+ 40.Ke1 Rxd2 41.Kxd2 Rg2+ 42.Kc3 Rg3  0-1

[Event "Troll Masters"]
[Site "Gausdal NOR"]
[Date "2000.01.14"]
[Round "7"]
[White "Romsdal,T"]
[Black "Mellem,N"]
[Result "1-0"]
[WhiteElo "2204"]
[BlackElo "2208"]

1.d4 Nf6 2.Nf3 g6 3.c4 Bg7 4.Nc3 O-O 5.e4 d6 6.Be2 e5 7.O-O Qe8 8.d5 a5 9.Ne1 Na6
10.Nd3 Nd7 11.Be3 f5 12.f3 f4 13.Bf2 g5 14.a3 Rf6 15.b4 Rh6 16.g4 fxg3 17.Bxg3 Nf6
18.Kh1 Nh5 19.Rg1 Nf4 20.c5 Nxd3 21.Bxd3 dxc5 22.Bxa6 Raxa6 23.bxc5 Qh5 24.c6 Rb6
25.Na4 Rb5 26.Qd3 bxc6 27.dxc6 Rb8 28.Qd8+ Bf8 29.Raf1 Qh3 30.Qxc7 Rb3 31.Qxe5 Rxa3
32.Nb6 Bd6 33.Qxg5+ Rg6 34.Qd8+ Kf7 35.e5 Rxg3 36.Qf6+ Ke8 37.exd6  1-0